=LDR 00000nam 2200000 4500 =001 INLIS000000000045987 =005 20230914085226 =035 ##$$a 0010-021500000000547 =008 230914################g##########0#ind## =020 ##$$a 978-602-7639-86-7 =040 ##$$a NBPDMAT =082 ##$$a R. 530.03 =090 ##$$a R. 530.03 $b Sup k =100 ##$$a Suparti =245 1#$$a Kamus Pintar Fisika /$c Suparti, Lila Syukurilla =260 ##$:$b Pustaka Makmur,$c 2013 =300 ##$$a 298 hlm. : $b ilus ; $c 13 x 19 cm =650 #4$$a Fisika - Kamus =700 #$$a Lila Syukurilla =850 ##$$a NBPDMAT =084 ##$$a R. 530.03 SUP k =250 ##$$a cet.1 =500 ##$$a ilustrasi =504 ##$$a Bibliografi : hlm. 295-297 =990 ##$$a 21422422 =990 ##$$a 21422423 =990 ##$$a 21422424 =990 ##$$a 21422425 =990 ##$$a 21422426 =990 ##$$a 01201712628